The chrysanthemum and the sword : Patterns of Japanese culture
A recognized classic of cultural anthropology, this book explores the political, religious, and economic life of Japan from the seventh century through the mid-twentieth, as well as personal family life.
Đã lưu trong:
| Tác giả chính: | |
|---|---|
| Định dạng: | Sách |
| Ngôn ngữ: | Undetermined |
| Được phát hành: |
Boston
Houghton Mifflin
2005
|
| Những chủ đề: | |
| Các nhãn: |
Thêm thẻ
Không có thẻ, Là người đầu tiên thẻ bản ghi này!
|
| Thư viện lưu trữ: | Trung tâm Học liệu Trường Đại học Cần Thơ |
|---|
| LEADER | 00842nam a2200229Ia 4500 | ||
|---|---|---|---|
| 001 | CTU_118868 | ||
| 008 | 210402s9999 xx 000 0 und d | ||
| 020 | |c 1800 | ||
| 082 | |a 952 | ||
| 082 | |b B463 | ||
| 100 | |a Benedict, Ruth | ||
| 245 | 4 | |a The chrysanthemum and the sword : | |
| 245 | 0 | |b Patterns of Japanese culture | |
| 245 | 0 | |c Ruth Benedict ; With a foreword by Ezra F. Vogel | |
| 260 | |a Boston | ||
| 260 | |b Houghton Mifflin | ||
| 260 | |c 2005 | ||
| 520 | |a A recognized classic of cultural anthropology, this book explores the political, religious, and economic life of Japan from the seventh century through the mid-twentieth, as well as personal family life. | ||
| 650 | |a National characteristics, Japanese,Japan | ||
| 650 | |x Civilization | ||
| 904 | |i Truc | ||
| 980 | |a Trung tâm Học liệu Trường Đại học Cần Thơ | ||